「押」がつく駅(5件) - Statistics

General Stats
  • This quiz has been taken 2 times
  • The average score is 3 of 5
Answer Stats
Hint Answer % Correct
東京都 押上
100%
石川県 押野
100%
新潟県 えちご押上ひすい海岸
50%
埼玉県 押切
0%
兵庫県 押部谷
0%
No matching quizzes found
Score Distribution
Percent of People with Each Score
Percentile by Number Answered
Your Score History
You have not taken this quiz